000 01167pam a2200313 a 4500
001 4802959
003 ARRUPE
005 20130924175432.0
008 881011s1989 pau b 001 0 eng
010 _a 88031722
020 _a0915138972
040 _aDLC
_cDLC
_dDLC
050 0 0 _aBS2361.2
_b.M28 1989
082 0 0 _a225.6/01
_219
100 1 _aMeyer, Ben F.,
_d1927-
_91135
245 1 0 _aCritical realism and the New Testament /
_cby Ben F. Meyer.
260 _aAllison Park, Pa. :
_bPickwick Publications,
_cc1989.
300 _axv, 225 p. ;
_c22 cm.
440 0 _aPrinceton theological monograph series ;
_v17
_91136
500 _aCover title: Critical realism & the New Testament.
504 _aIncludes bibliographical references and indexes.
600 1 0 _aLonergan, Bernard J. F.
_91137
630 0 0 _aBible.
_pNew Testament
_xCriticism, interpretation, etc.
_xHistory
_y20th century.
_91138
630 0 0 _aBible.
_pNew Testament
_xHermeneutics.
_91139
650 0 _aKnowledge, Theory of
_xHistory
_y20th century.
_91140
740 0 _aCritical realism & the New Testament.
906 _a7
_bcbc
_corignew
_d1
_eocip
_f19
_gy-gencatlg
942 _2lcc
_cMONOGRAPH
999 _c118012
_d118012